Library of the University of Algiers 3
Ibrahim Sultan Cheibout
شعار جامعة الجزائر 3
مكتبة جامعة الجزائر 3
إبراهيم سلطان شيبوط

أنظمة التكاليف لأغراض قياس تكلفة الإنتاج والخدمات / (رقم التسجيلة. 42595)

تفاصيل مارك
000 -LEADER
fixed length control field 01408nam a2200229Ia 4500
003 - CONTROL NUMBER IDENTIFIER
control field Ost
005 - DATE AND TIME OF LATEST TRANSACTION
control field 20260507075047.0
008 - FIXED-LENGTH DATA ELEMENTS--GENERAL INFORMATION
fixed length control field 260507s9999||||xx |||||||||||||| ||und||
040 ## - CATALOGING SOURCE
Transcribing agency fsecg
041 ## - LANGUAGE CODE
Language code of text/sound track or separate title ara
082 ## - DEWEY DECIMAL CLASSIFICATION NUMBER
Classification number 600
100 ## - MAIN ENTRY--PERSONAL NAME
Personal name مرعي، عبد الحي عبد الحي
Relator term مؤلف
245 #0 - TITLE STATEMENT
Title أنظمة التكاليف لأغراض قياس تكلفة الإنتاج والخدمات /
Statement of responsibility, etc. عبد الحي عبد الحي مرعي
260 ## - PUBLICATION, DISTRIBUTION, ETC.
Place of publication, distribution, etc. الإسكندرية:
Name of publisher, distributor, etc. الدار الجامعية للنشر,
Date of publication, distribution, etc. 2002
300 ## - PHYSICAL DESCRIPTION
Extent 401 صفحة؛
Other physical details إيضاحات ؛
Dimensions 24 سم
520 ## - SUMMARY, ETC.
Summary, etc. في طبيعة الصناعة وعناصر تكلفة الإنتاج-في نماذج أنظمة تكاليف الداخل-في نماذج أنظمة تكالفي في ظل مسموحات وخسائر التشغيل-قياس تكلفة العمليات-قياس تكلفة المنتجات المتصلة والفرعية عقود المقاولات طويلة الأجل-قياس التكلفة في الوحدات الخدمية-نظام الإنتاج الفوري وقياس التكلفة من خلال التدفق القياسي
653 ## - INDEX TERM--UNCONTROLLED
Uncontrolled term الإنتاج- التكاليف
653 ## - INDEX TERM--UNCONTROLLED
Uncontrolled term التكاليف
700 ## - ADDED ENTRY--PERSONAL NAME
Personal name مبارك، صلاح الدين عبد المنعم
Relator term مؤلف ثانوي
700 ## - ADDED ENTRY--PERSONAL NAME
Personal name مصطفى، محمود مراد
Relator term مؤلف ثانوي
942 ## - ADDED ENTRY ELEMENTS (KOHA)
Koha item type كتب
المقتنيات
Withdrawn status Lost status Source of classification or shelving scheme Damaged status Not for loan Home library Current library Date acquired Serial enumeration / chronology Inventory number Total checkouts Full call number Barcode Date last seen Price effective from Koha item type
    Dewey Decimal Classification   NOT LOAN / إعارة داخلية مكتبة كلية العلوم الإقتصادية والعلوم التجارية وعلوم التسيير مكتبة كلية العلوم الإقتصادية والعلوم التجارية وعلوم التسيير 07/05/2026 الطابق الأرضي 450/1   أ/450ن1 450/1 07/05/2026 07/05/2026 كتب
    Dewey Decimal Classification   Available مكتبة كلية العلوم الإقتصادية والعلوم التجارية وعلوم التسيير مكتبة كلية العلوم الإقتصادية والعلوم التجارية وعلوم التسيير 07/05/2026 الطابق الأرضي 450/2   أ/450ن2 450/2 07/05/2026 07/05/2026 كتب
    Dewey Decimal Classification   Available مكتبة كلية العلوم الإقتصادية والعلوم التجارية وعلوم التسيير مكتبة كلية العلوم الإقتصادية والعلوم التجارية وعلوم التسيير 07/05/2026 الطابق الأرضي 450/3   أ/450ن3 450/3 07/05/2026 07/05/2026 كتب
    Dewey Decimal Classification   Available مكتبة كلية العلوم الإقتصادية والعلوم التجارية وعلوم التسيير مكتبة كلية العلوم الإقتصادية والعلوم التجارية وعلوم التسيير 07/05/2026 الطابق الثاني 450/4   أ/450ن4 450/4 07/05/2026 07/05/2026 كتب

موارد الويب المفتوحة


© University of Algiers 3 All Rights Reserved
|
Implemented by LECHELAH Riad